Представление документа в формате RUSMARC

ПолеНазваниеЗначение
  Тип записи a
  Библиографический уровень a
001 Контрольный номер RU/CBS_UL/BASE/b53c773c084d43649e7f0fe352775ad0
005 Дата корректировки 20240708162949.5
100 Данные общей обработки __
a Данные общей обработки 20240708 ||| 0rusy0189 ca
101 Язык документа 0_
a Язык текста rus
102 Страна публикации __
a Страна публикации RU
200 Заглавие и сведения об ответственности 1_
a Заглавие Писатель Сергей Минцлов: "Помпадурша думать не привыкла и решает всё с бацу да с налёта..."
e Сведения, относящиеся к заглавию [о повседневной жизни и нравах Новгорода 1911-1912 гг.]
f Первые сведения об ответственности С. Степанов
300 Общие примечания __
a Общие примечания 16+
320 Библиография __
a Библиография Библиогр.: с. 46
461 Уровень набора _0
1 2000
a Родина
463 Уровень физической единицы _0
1 2000
a № 11
v С. 40-46 : фот., ил.
1 2101
d 2023
1 001RU/CBS_UL/BASE/aa159a031eed423f9cc0c498f874c03f
600 Персоналии _1
a Персоналии (Фамилия) Минцлов
b Персоналии (Имя, инициалы) С.Р.
606 Тематические рубрики 0_
a Основная рубрика История - Быт и нравы, 1911-1912 гг. - Новгород, город
y Географическая подрубрика Новгород, город
z Хронологическая подрубрика 1911-1912 гг.
610 Ключевые слова 0_
a Ключевые слова история русская
610 Ключевые слова 0_
a Ключевые слова история городов
610 Ключевые слова 0_
a Ключевые слова писатели
610 Ключевые слова 0_
a Ключевые слова дневниковые записи
610 Ключевые слова 0_
a Ключевые слова дневники
610 Ключевые слова 0_
a Ключевые слова мемуаристика
610 Ключевые слова 0_
a Ключевые слова российский быт
610 Ключевые слова 0_
a Ключевые слова земские деятели
610 Ключевые слова 0_
a Ключевые слова провинциальная интеллигенция
610 Ключевые слова 0_
a Ключевые слова повседневная жизнь
610 Ключевые слова 0_
a Ключевые слова юродивые
610 Ключевые слова 0_
a Ключевые слова новгородское житьё
686 Индексы других классификаций __
2 Код системы rubbk
a Классификационный индекс 63.3(2Рос-4Нов)
700 Автор _1
a Фамилия Степанов
b Имя (инициалы) С.
801 Источник записи _0
a Страна RU
b Организация МБУК ЦБС г. Ульяновска
c Дата составления 20240708
g Правила каталогизации RCR
801 Источник записи _1
a Страна RU
b Организация МБУК ЦБС г. Ульяновска
c Дата составления 20240708
g Правила каталогизации RCR
901 Тип документа __
t Тип документа b
w Контрольный № источника RU/CBS_UL/BASE/aa159a031eed423f9cc0c498f874c03f
909 Создатель записи __
a Создатель записи lib1